MLB Players By Picture - EASY - Statistics

General Stats
  • This quiz has been taken 151 times
  • The average score is 16 of 18
Answer Stats
Picture Answer % Correct
Ronald Acuna Jr.
98%
Aaron Judge
97%
Shohei Ohtani
97%
Mookie Betts
96%
Fernando Tatis Jr.
95%
Justin Verlander
94%
Bryce Harper
93%
Julio Rodriguez
93%
Corey Seager
92%
Pete Alonso
92%
Clayton Kershaw
91%
Cody Bellinger
89%
Yordan Alvarez
85%
Blake Snell
84%
Jose Ramirez
83%
Zac Gallen
81%
Zack Wheeler
77%
Justin Steele
49%
No matching quizzes found
Score Distribution
Percent of People with Each Score
Percentile by Number Answered
Your Score History
You have not taken this quiz